000 01299cam a22002174a 4500
005 20250605164018.0
008 250528s ||||||||||||||||||||||||d
035 _a16230
020 _a713129395
040 _aGR-AtMCL
_bgre
_dGR-AtMCL
_eAACR2
245 1 _aThe Biology of Symbiosis / Contemporary Biology
260 _c1987
300 _a308
520 _aThe primary aim of this book is to elucidate the extent to which a wide range of experimental evidence has revealed the nature and effect of symbiotic relationships. Preface, Acknowledgements, Introduction: The Concept of Symbiosis, Algae in Symbiosis I: With Freshwater Hosts (Animals and Protists), Algae in Symbiosis iI: With Marine Hosts (Animals and Protists), Symbiosis Between Nitrogen-Fixing Prokaryotes and Plant Roots, Cyanobacteria (including Prochlorophytes) in Symbiosis, Fungi in Symbiosis I: A Hosts - Lichens, Fungi in Symbiosis II: As Symbionts - mycorrhizas, Symbiosis in Animal Guts, Further Associations Between Prokaryotes and Animals or Protists, Symbiosis and Evolution, Conclusions: Comparisons of the Characteristics of Symbiosis, References, Index.
700 1 _aDouglas A. E
_92307
700 1 _aEdward Arnold
_9242
700 1 _aSmith D C
_92308
942 _cBK
999 _c1754
_d1754